LEADER 03065nam 2200673 a 450 001 9910784758203321 005 20161219111342.0 010 $a1-4462-2537-2 010 $a1-4129-2239-9 010 $a1-281-24522-4 010 $a9786611245221 010 $a1-84787-876-8 035 $a(CKB)1000000000402335 035 $a(EBL)334347 035 $a(OCoLC)476141389 035 $a(SSID)ssj0000131304 035 $a(PQKBManifestationID)11134219 035 $a(PQKBTitleCode)TC0000131304 035 $a(PQKBWorkID)10004603 035 $a(PQKB)11682576 035 $a(MiAaPQ)EBC334347 035 $a(OCoLC)961539526 035 $a(StDuBDS)EDZ0000072149 035 $a(Au-PeEL)EBL334347 035 $a(CaPaEBR)ebr10218061 035 $a(CaONFJC)MIL124522 035 $a(OCoLC)64097628 035 $a(FINmELB)ELB138701 035 $a(EXLCZ)991000000000402335 100 $a20120412d2006 fy 0 101 0 $aeng 135 $aur||||||||||| 181 $2rdacontent 182 $2rdamedia 183 $2rdacarrier 200 10$aCounselling survivors of childhood sexual abuse$b[electronic resource] 205 $a3rd ed. /$bClaire Burke Draucker and Donna Steele Martsolf. 210 $aLondon $cSAGE$dc2006 215 $a1 online resource (166 p.) 225 1 $aCounselling in practice 300 $aDescription based upon print version of record. 311 $a1-4462-1368-4 311 $a1-4129-2240-2 320 $aIncludes bibliographical references and index. 327 $aCover; Contents; Chapter 1 - Introduction; Chapter 2 - The False Memory Debate: Counselling Implications; Chapter 3 - Outcomes Research on Abuse-focused Psychotherapy Approaches; Chapter 4 - Disclosing an Experience of Child Sexual Abuse; Chapter 5 - Focusing on the Abuse Experience; Chapter 6 - Reinterpreting the Sexual Abuse Experience from an Adult Perspective; Chapter 7 - Addressing the Context of the Sexual Abuse; Chapter 8 - Making Sesired Life Changes; Chapter 9 - Addressing Resolution Issues; Chapter 10 - Dynamics and Distruptions in the Therapeutic Alliance 327 $aChapter 11 - Case Study: The Counselling Process with an Adult Survivor of Childhood Sexual AbuseChapter 12 - Future Directions and Trends; References; Index 330 8 $aIn this third edition, the authors identify the significant healing processes which are essential to achieve recovery. These include disclosing the abuse, reinterpreting it from an adult perspective, addressing issues related to the context of the abuse, and making desired life changes. 410 0$aCounselling in practice. 606 $aAdult child sexual abuse victims$xCounseling of 615 0$aAdult child sexual abuse victims$xCounseling of. 676 $a616.8583690651 700 $aBurke-Draucker$b Claire$01515975 701 $aMartsolf$b Donna Steele$01515976 801 0$bStDuBDS 801 1$bStDuBDS 906 $aBOOK 912 $a9910784758203321 996 $aCounselling survivors of childhood sexual abuse$93752096 997 $aUNINA LEADER 04079nam 2200589 450 001 9910810681003321 005 20220522143154.0 010 $a3-8498-1424-6 035 $a(CKB)4930000000057275 035 $a(Au-PeEL)EBL6269069 035 $a(OCoLC)1181849328 035 $a5c9b5a4f-67f8-431b-8cb3-5a73b0dd2d03 035 $a(MiAaPQ)EBC6269069 035 $a(EXLCZ)994930000000057275 100 $a20220522d2019 uy 0 101 0 $ager 135 $aurcnu|||||||| 181 $ctxt$2rdacontent 182 $cc$2rdamedia 183 $acr$2rdacarrier 200 00$aTransgression und Intermedialita?t $edie Texte von Kurt Schwitters /$fWalter Delabar, Ursula Kocher, Isabel Schulz (Hgg.) 205 $a1st ed. 210 1$aBielefeld :$cAisthesis Verlag,$d[2019] 210 4$d©2019 215 $a1 online resource (373 pages) 225 1 $aModerne-Studien ;$vBand 20 300 $aPublicationDate: 20160101 311 $a3-8498-1120-4 327 $aFrontcover -- Titel -- Impressum -- Inhalt -- Walter Delabar, Ursula Kocher, Isabel Schulz: Zur Einleitung -- Walter Delabar: In die Extreme -- Walter Fa?hnders: "Ich fordere sofortige Beseitigung aller U?belsta?nde" -- Barbara Lindlar: PIN - eine moderne Kunstzeitschrift? -- Birgit Nu?bel: Metatextualita?t und Moderne: Robert Musil und Kurt Schwitters -- Hubert van den Berg: "Worte gegen Worte" -- Ursula Kocher: Kartierung virtueller Ra?ume -- Julia Nantke: Die »Horizontale Geschichte« -- Antje Wulff: "Ein zartes Gewebe von Fa?den" -- Ralf Burmeister: Merz im Selbstportra?t - oder: "Wie ein bu?rgerlicher Kopf durch einfache Mittel zur schwebenden Architektur wurde" -- Abbildungsteil -- Sigrid Franz: Fragmentierung und Immaterialita?t als Vernetzungsprinzipien im Werk von Kurt Schwitters -- Tobias Wilke: Mama - Papa - Dada -- Petra Kunzelmann: Text und Rhythmus -- Isabel Schulz: Warum Schwitters neu edieren? -- Michael White: What's Merz in English? -- Oliver Ruf: Aporetik des U?bergangs -- Thomas Keith: Die Alphabet-Gedichte von Kurt Schwitters: Tradition, Avantgarde, Intermedialita?t -- Christoph Kleinschmidt: Intermateriales Theater -- Bettina Ku?mmerling-Meibauer: Avantgarde im Bilderbuch -- Christian A. Bachmann: Ob die Scheuche einen Namen hat? -- Verzeichnis der Abbildungen -- Zu den Beitra?gerinnen und Beitra?gern -- Backcover. 330 $aLong description: Kurt Schwitters (1887?1948) gehört zu den Protagonisten der Avantgarden nach dem Ersten Weltkrieg. Obwohl sein bildkünstlerisches Werk mittlerweile kanonisiert ist und seine literarischen Texte seit über dreißig Jahren in einer Leseausgabe ediert vorliegen, stagniert die literaturwissenschaftliche Forschung zu Schwitters seit Längerem. Die Beiträge des Bandes nehmen die notwendige Diskussion um den Status und die Wirkung der Avantgarden und der Moderne zu Schwitters? Zeit auf. Sie verbinden diese Diskussion mit den bisher weitgehend unbekannten Materialien, die durch die im Jahr 2010 gestartete Neuedition von Schwitters? Texten der wissenschaftlichen Öffentlichkeit erstmalig zugänglich gemacht werden. Hinzu kommt die Intensivierung der Schwitters- und Avantgarde-Forschung unter literaturwissenschaftlichen Gesichtspunkten, die aktuelle kultur-, kunst- und medienwissenschaftliche Perspektiven berücksichtigt. Die Beiträge gehen auf eine Tagung im Sprengel Museum Hannover 2011 zurück. 410 0$aModerne-Studien (Bielefeld, Germany) ;$vBand 20. 606 $aAvantgarde 606 $aExperimentelle Literatur 606 $aDada 606 $aSchwitters, Kurt 606 $aMerzkunst 615 00$aAvantgarde 615 00$aExperimentelle Literatur 615 00$aDada 615 00$aSchwitters, Kurt 615 00$aMerzkunst 676 $a709.2 702 $aDelabar$b Walter 702 $aKocher$b Ursula$f1968- 702 $aSchulz$b Isabel 801 0$bMiAaPQ 801 1$bMiAaPQ 801 2$bMiAaPQ 906 $aBOOK 912 $a9910810681003321 996 $aTransgression und Intermedialita?t$94112360 997 $aUNINA